00782nam a2200193Ia 450000500170000000800410001702000170005804000080007505000210008310000340010424500470013826000300018530000180021533700100023333800140024350000310025750502810028865000190056920231102151634.0120622s2013 mx f 000 0 esp d a968-5409-013 eRDA aKGF4589 C37 20131 aCARRASCO Iriarte, Hugo, 1949-10aDerecho fiscal Ic / Hugo Carrasco Iriarte aMéxico b: IUREc, 2013 a413 páginas atexto asin medio aLicenciatura MAX 14 005053 aNociones previas Principios constitucionales de las contribuciones Elementos sustanciales de las contribuciones Elementoa inatrumentales para el cumplimiento de las contribuciones Incumplimiento de las contribuciones Sistema nacional de las contribuciones Impuestos federales  aDERECHO FISCAL